| 000 | 00539 a2200205 4500 | ||
|---|---|---|---|
| 005 | 20260204150208.0 | ||
| 008 | 260204b |||||||| |||| 00| 0 eng d | ||
| 020 |
_a9788172339821 _cRs. 1995.00 |
||
| 040 | _aMAIN | ||
| 082 |
_a595.7072 _bT734M(3) |
||
| 100 | _aTrigunayat, M M | ||
| 245 | _aManual of practical entomology: Field and laboratory guide | ||
| 250 | _a3rd | ||
| 260 |
_bScientific Publishers _c2024 _aNew Delhi |
||
| 300 | _a358 | ||
| 650 | _aZoology | ||
| 650 | _aEntomology | ||
| 650 | _aAnatomy | ||
| 942 | _cBK | ||
| 999 |
_c395049 _d395049 |
||